Homicide in contemporary Japan
This paper examines patterns of homicide in Japan from 1989 to 1995 using data from the Heisei 00nen no Hanzai (Crime in 19XX [sic]). The analysis of these statistics produced the following patterns: men predominated as both victims and suspects; homicides typically occurred between friends or relat...
| Main Author: | |
|---|---|
| Format: | Print Article |
| Language: | English |
| Published: |
2001
|
| In: |
The British journal of criminology
Year: 2001, Volume: 41, Issue: 2, Pages: 219-235 |
| Check availability: | HBZ Gateway |
| Keywords: |
MARC
| LEADER | 00000caa a22000002c 4500 | ||
|---|---|---|---|
| 001 | 1640119108 | ||
| 003 | DE-627 | ||
| 005 | 20220608131157.0 | ||
| 007 | tu | ||
| 008 | 160223s2001 xx ||||| 00| ||eng c | ||
| 035 | |a (DE-627)1640119108 | ||
| 035 | |a (DE-576)456056173 | ||
| 035 | |a (DE-599)BSZ456056173 | ||
| 040 | |a DE-627 |b ger |c DE-627 |e rakwb | ||
| 041 | |a eng | ||
| 100 | 1 | |a Finch, Andrew J. |0 (DE-627)1256436755 |0 (DE-576)186436750 |4 aut | |
| 109 | |a Finch, Andrew J. |a Finch, Andrew | ||
| 245 | 1 | 0 | |a Homicide in contemporary Japan |c Andrew Finch |
| 264 | 1 | |c 2001 | |
| 336 | |a Text |b txt |2 rdacontent | ||
| 337 | |a ohne Hilfsmittel zu benutzen |b n |2 rdamedia | ||
| 338 | |a Band |b nc |2 rdacarrier | ||
| 520 | |a This paper examines patterns of homicide in Japan from 1989 to 1995 using data from the Heisei 00nen no Hanzai (Crime in 19XX [sic]). The analysis of these statistics produced the following patterns: men predominated as both victims and suspects; homicides typically occurred between friends or relatives; the most commonly used weapons were knives; and the most common motives were hatred and sexual jealousy. Comparisons were made with a similar study of statistics from the English and Welsh Homicide Index, and Japan was found to be similar except in two respects: the influence of boryokudan (organized criminal gangs), and the possibility that, in the case of parricide, much of the violence was directed by sons against their mothers | ||
| 773 | 0 | 8 | |i In |t The British journal of criminology |d Oxford : Univ. Press, 1960 |g 41(2001), 2, Seite 219-235 |w (DE-627)129851361 |w (DE-600)280389-6 |w (DE-576)015150712 |x 0007-0955 |7 nnas |
| 773 | 1 | 8 | |g volume:41 |g year:2001 |g number:2 |g pages:219-235 |
| 776 | 1 | |o 10.1093/bjc/41.2.219 | |
| 935 | |a mkri | ||
| 951 | |a AR | ||
| ELC | |b 1 | ||
| LOK | |0 000 xxxxxcx a22 zn 4500 | ||
| LOK | |0 001 3301457800 | ||
| LOK | |0 003 DE-627 | ||
| LOK | |0 004 1640119108 | ||
| LOK | |0 005 20250516150859 | ||
| LOK | |0 008 160208||||||||||||||||ger||||||| | ||
| LOK | |0 040 |a DE-21-110 |c DE-627 |d DE-21-110 | ||
| LOK | |0 689 |a s |a Tötungsdelikte | ||
| LOK | |0 689 |a s |a Entwicklung | ||
| LOK | |0 689 |a s |a Täter | ||
| LOK | |0 689 |a s |a Opfer | ||
| LOK | |0 689 |a s |a Täter-Opfer-Beziehung | ||
| LOK | |0 689 |a s |a Tatmotiv | ||
| LOK | |0 689 |a s |a Organisierte Kriminalität | ||
| LOK | |0 852 |a DE-21-110 | ||
| LOK | |0 852 1 |m p |9 00 | ||
| LOK | |0 935 |a k110 | ||
| LOK | |0 938 |k p | ||
| LOK | |0 939 |a 08-02-16 |b l01 | ||
| ORI | |a SA-MARC-krimdoka001.raw | ||
